| 000 | 00947nam a2200301 i 4500 | ||
|---|---|---|---|
| 001 | 53149 | ||
| 003 | KOSZ 005 | ||
| 005 | 20191007125004.0 | ||
| 008 | 060307s2006 pl f |000 0 pol d | ||
| 020 | _a9788360089149 | ||
| 040 |
_cKOSZ 005 _aKOSZ 005 _dKOSZ 005/HR |
||
| 041 | 0 | _apol | |
| 046 | _k2006 | ||
| 080 | _a336.71:004.738.5 | ||
| 100 | 1 |
_aMatuszyk, Anna _eAutor |
|
| 245 | 1 | 0 |
_aInstrumenty bankowości elektronicznej / _cAnna Matuszyk, Paweł Grzegorz Matuszyk. |
| 260 |
_aWarszawa : _bCeDeWu, _c2006. |
||
| 300 |
_a149 s. : _bwykr. ; _c24 cm. |
||
| 380 | _aKsiążki | ||
| 388 | _a2001- | ||
| 504 | _aBibliogr. | ||
| 650 | 4 | _aBanki internetowe | |
| 658 | _aGospodarka, ekonomia, finanse | ||
| 700 | 1 |
_aMatuszyk, Paweł Grzegorz _eAutor |
|
| 710 | 2 | _aCeDeWu | |
| 856 |
_uhttp://koha.tu.koszalin.pl/cgi-bin/koha/opac-detail.pl?biblionumber=53149 _yKatalog online BPK |
||
| 942 |
_cKS _2UKD |
||
| 999 |
_c53149 _d53149 |
||